00685nam a2200169Ia 4500008004100000020001800041041000800059082001800067100005800085245011900143250000600262260003600268300001400304650002700318999001900345952015100364210716s2010 xx 000 0 und d a9788132104414 aeng a652.3007 MONM aMonippally, Mathukutty M;Pawar, Badrinarayan Shankar. aAcademic writing: a guide for management students and researchers.bGuide for management students and researchers. a1 aNew DelhibResponse Booksc2010 axxiii,235 aBusiness Communication c205919d205919 001040708MBAaAIMITbAIMITd2010-12-15g375.00l3o652.3007 MONMpMBA08485q2023-12-01r2023-10-31 00:00:00s2023-10-31v281.25w2021-07-16yBK